|
|
|
|
| LEADER |
00960cam a2200277 7i4500 |
| 001 |
0000033098 |
| 005 |
20160616090000.0 |
| 007 |
##ta |
| 008 |
160616t20142014my ao e a001 0 may |
| 020 |
# |
# |
|a 9789673443932
|
| 040 |
# |
# |
|a BNM
|
| 090 |
0 |
0 |
|a B 297.14
|b ISU
|
| 245 |
0 |
0 |
|a ISU HALAL KONTEMPORARI
|c Editor Russly Abd Rahman, Nurdeng Deuraseh, Mohammad Aizat Jamaludin.
|
| 264 |
# |
1 |
|a Serdang, Selangor:
|b Penerbit Universiti Putra Malaysia,
|c 2014.
|
| 264 |
# |
4 |
|a ♭2014.
|
| 300 |
# |
# |
|a xvi, 345 pages:
|b illustrations, photographs;
|c 24 cm.
|
| 336 |
# |
# |
|a text
|2 rdacontent
|
| 337 |
# |
# |
|a unmediated
|2 rdamedia
|
| 338 |
# |
# |
|a volume
|2 rdacarrier
|
| 504 |
# |
# |
|a Includes bibliographical references and index
|
| 650 |
2 |
0 |
|a Halal food
|
| 650 |
1 |
0 |
|a Islamic law --
|x Interpretation and construction
|
| 700 |
0 |
# |
|a Russly Abd. Rahman
|
| 700 |
0 |
# |
|a Nurdeng Deuraseh
|
| 700 |
0 |
# |
|a Mohammad Aizat Jamaludin
|
| 999 |
|
|
|a B000037435
|b Book
|c Book
|e Business Information Centre
|